Pracovné sily - ich rozmiestňovanie a kvalifikácia v sociálno-ekonomickom rozvoji

Saved in:
Bibliographic Details
Main Author: Kováčová, Emília
Format: Book
Language:Slovak
Published: Bratislava Práca 1980
Tags: Add Tag
No Tags, Be the first to tag this record!

MARC

LEADER 00000nam a2200000 4500
001 c130374
005 20050301104122.6
041 0 |a slo 
044 |a SK 
245 1 0 |a Pracovné sily - ich rozmiestňovanie a kvalifikácia v sociálno-ekonomickom rozvoji  |c Emília Kováčová 
264 1 |a Bratislava  |b Práca  |c 1980 
300 |a 233 s. 
100 1 |a Kováčová, Emília